Statistics for Flags Of North and South America Quiz

Click here to take the quiz!

General Stats

  • This quiz has been taken 36 times
  • The average score is 23 of 25

Answer Stats

Answer% Correct
Canada
100%
Mexico
100%
United States
100%
Brazil
97%
Cuba
97%
Jamaica
97%
Argentina
94%
Chile
94%
Dominica
94%
Dominican Republic
94%
Panama
94%
Peru
94%
Uruguay
94%
Barbados
90%
El Salvador
90%
Honduras
90%
Venezuela
90%
Guatemala
87%
Haiti
87%
Nicaragua
87%
Antigua And Barbuda
84%
Grenada
84%
Trinidad And Tobago
84%
ST Vincent
81%
Bolivia
74%

Score Distribution

Percentile by Number Answered

Percent of People with Each Score

Your Score History

You have not taken this quiz